| 000 | 00511nam a22001817a 4500 | ||
|---|---|---|---|
| 008 | 150610b xxu||||| |||| 00| 0 eng d | ||
| 041 | 0 | _aeng | |
| 080 | _a636.03 | ||
| 100 | _aForbis, William H. | ||
| 245 | 0 | 0 |
_aThe cowboys, _cby the editors of Time-Life Books, with text by William H. Forbis |
| 260 |
_aNew York : _bTime-Life Books, _c[1973] |
||
| 300 |
_a240 f. : _bme il. : _c28 cm. |
||
| 490 | _aThe Old West | ||
| 505 | _aIndex: f.238-240 | ||
| 650 | 0 | _aCowboys | |
| 650 | 0 | _aKaubojet | |
| 942 |
_2udc _cBK |
||
| 999 |
_c1033 _d1033 |
||